Altas Of Changing River Courses In West Bengal / (Record no. 195380)

MARC details
000 -LEADER
fixed length control field 00567nam a22001937a 4500
005 - DATE AND TIME OF LATEST TRANSACTION
control field 20230405151347.0
010 ## - LCCN (DPL NO)
LC control number ENG-136491
020 ## - INTERNATIONAL STANDARD BOOK NUMBER
International Standard Book Number 9788192495804
Terms of availability 3000.00
035 ## - SYSTEM CONTROL NUMBER
System control number EN-120023
037 ## - SOURCE OF ACQUISITION
Source of stock number/acquisition DBAD/PUB
082 ## - DEWEY DECIMAL CLASSIFICATION NUMBER
Classification number 551.4830223
100 ## - MAIN ENTRY--PERSONAL NAME
Personal name Rudra,Kalyan
245 ## - TITLE STATEMENT
Title Altas Of Changing River Courses In West Bengal /
Statement of responsibility, etc By Kalyan Rudra
250 ## - EDITION STATEMENT
Edition statement First
260 ## - PUBLICATION, DISTRIBUTION, ETC. (IMPRINT)
Name of publisher, distributor, etc Sea Explorers Institute
Place of publication, distribution, etc Kolkata
Date of publication, distribution, etc 2017
270 ## - ADDRESS
City Kolkata
Postal code 700021
Address Outram Ghat
300 ## - PHYSICAL DESCRIPTION
Extent 132p.;
Dimensions 47cm(hbk)
Other physical details ill.
942 ## - ADDED ENTRY ELEMENTS (KOHA)
Source of classification or shelving scheme Dewey Decimal Classification
Item type English Books
Classification part 551.4830223
Call number suffix KAL
Holdings
Withdrawn status Lost status Not for loan Collection code Home library Current library Date acquired Source of acquisition Cost, normal purchase price Full call number Barcode Copy number Koha item type
      Reference Central Library Central Library 24/03/2023 DBAD/PUB 3000.00 551.4830223 KAL EN-120023 1 English Books

© Delhi Public Library
Hit Counter
free hit counter